Real Words Only - Sudden Death - Statistics

General Stats
  • This quiz has been taken 230 times
    106 since last reset
  • The average score is 6 of 18
Answers on the Grid
Answers color-coded by a green-red scale on the quiz's grid according to % correct below.
Amplitude
Anglitude
Aphroditic
Statuesque
Vexatious
Erratas
Gesticulate
Greenish
Torxion
Irregardless
Irreverence
Lavishness
Leviathanish
Parasitic
Pomposity
Presentate
Pugnacity
Reduction
Robustation
Specificity
Splendiferous
Stigmatas
Terrificity
Torsion
Umbrance
Undulation
Utterance
Vapidity
Victorianesque
Zealocity
 
Answer Stats
Answer % Correct
Reduction
65%
Parasitic
53%
Amplitude
51%
Specificity
47%
Irreverence
35%
Lavishness
35%
Torsion
33%
Utterance
33%
Gesticulate
30%
Greenish
30%
Undulation
28%
Pomposity
26%
Pugnacity
26%
Statuesque
23%
Splendiferous
21%
Vexatious
14%
Vapidity
12%
Erratas
7%
No matching quizzes found
Score Distribution
Percent of People with Each Score
Percentile by Number Answered
Your Score History
You have not taken this quiz since the last reset